कौटिल्यम अर्थशास्त्र / (Record no. 120618)
[ view plain ]
| 000 -LEADER | |
|---|---|
| fixed length control field | 01069nam a22002537a 4500 |
| 005 - DATE AND TIME OF LATEST TRANSACTION | |
| control field | 20170124103200.0 |
| 010 ## - LIBRARY OF CONGRESS CONTROL NUMBER | |
| LC control number | A-828580 |
| 020 ## - INTERNATIONAL STANDARD BOOK NUMBER | |
| Terms of availability | 400.00 |
| 035 ## - SYSTEM CONTROL NUMBER | |
| System control number | A-828580 |
| 037 ## - SOURCE OF ACQUISITION | |
| Source of stock number/acquisition | Cen Lib/Ret |
| 040 ## - CATALOGING SOURCE | |
| Original cataloging agency | DPL |
| Language of cataloging | HN |
| 082 ## - DEWEY DECIMAL CLASSIFICATION NUMBER | |
| Classification number | 320.1 |
| Item number | उन्नीम |
| 100 ## - MAIN ENTRY--PERSONAL NAME | |
| Personal name | उन्नी महोदय |
| 9 (RLIN) | 91588 |
| 245 ## - TITLE STATEMENT | |
| Title | कौटिल्यम अर्थशास्त्र / |
| Statement of responsibility, etc | उन्नी महोदय |
| 246 ## - VARYING FORM OF TITLE | |
| Title proper/short title | Koutilyyalm artshastrm |
| Remainder of title | by Unni Mahaodya |
| 260 ## - PUBLICATION, DISTRIBUTION, ETC. (IMPRINT) | |
| Place of publication, distribution, etc | दिल्ली |
| Name of publisher, distributor, etc | भारतीय विद्या प्रकाशन |
| Date of publication, distribution, etc | 1984 |
| 270 ## - ADDRESS | |
| Address | यु.बी. जवाहर नगर बेंगलो रोड |
| City | दिल्ली |
| Postal code | 110007 |
| 300 ## - PHYSICAL DESCRIPTION | |
| Extent | viii,368पृष्ठ. |
| Dimensions | 20सेमी(सजिल्द) |
| 650 ## - SUBJECT ADDED ENTRY--TOPICAL TERM | |
| Topical term or geographic name as entry element | अर्थशास्त्र |
| 9 (RLIN) | 91589 |
| 650 ## - SUBJECT ADDED ENTRY--TOPICAL TERM | |
| Topical term or geographic name as entry element | अर्थशास्त्र - कौटिल्य |
| 9 (RLIN) | 6490 |
| 650 ## - SUBJECT ADDED ENTRY--TOPICAL TERM | |
| Topical term or geographic name as entry element | Economics |
| 9 (RLIN) | 91590 |
| 650 ## - SUBJECT ADDED ENTRY--TOPICAL TERM | |
| Topical term or geographic name as entry element | Economics - Kautilya |
| 9 (RLIN) | 91591 |
| 942 ## - ADDED ENTRY ELEMENTS (KOHA) | |
| Source of classification or shelving scheme | Dewey Decimal Classification |
| Koha item type | Hindi Books |
| Classification part | 320.1 |
| Call number suffix | उन्नीम |
| Withdrawn status | Lost status | Damaged status | Not for loan | Home library | Current library | Date acquired | Source of acquisition | Cost, normal purchase price | Total Checkouts | Full call number | Barcode | Date last seen | Copy number | Cost, replacement price | Price effective from | Koha item type |
|---|---|---|---|---|---|---|---|---|---|---|---|---|---|---|---|---|
| Central Library | Central Library | 23/09/2015 | Cen Lib/Ret | 400.00 | 320.1 उन्नीम | A-828580 | 23/09/2015 | 1 | 400.00 | 23/09/2015 | Hindi Books |
